Литературные шедевры Средних веков (Запись № 9751098)
[ простой вид ]
| 000 -МАРКЕР | |
|---|---|
| контрольное поле | 02697nam0a2200385 i 4500 |
| 001 - ИДЕНТИФИКАТОР ЗАПИСИ | |
| контрольное поле | RU\NLR\BIBL_A\010707133 |
| 005 - ИДЕНТИФИКАТОР ВЕРСИИ | |
| контрольное поле | 20241105182721.0 |
| 021 ## - НОМЕР ГОСУДАРСТВЕННОЙ РЕГИСТРАЦИИ | |
| Код страны | Российская Федерация |
| Номер | 2015-7938 |
| Номер Листа государственной регистраци | 497 |
| 035 ## - ДРУГИЕ СИСТЕМНЫЕ НОМЕРА | |
| Идентификатор записи | (NILC)RuMoRGB-007863826 |
| 035 ## - ДРУГИЕ СИСТЕМНЫЕ НОМЕРА | |
| Идентификатор записи | (NLR Aleph) 010707133 |
| 100 ## - ДАННЫЕ ОБЩЕЙ ОБРАБОТКИ | |
| Данные общей обработки | 20150326d2014 um y0rusy50 ca |
| 101 1# - ЯЗЫК РЕСУРСА | |
| Язык текста, звукозаписи и т.д. | русский |
| Язык оригинала | не определено |
| 102 ## - СТРАНА ПУБЛИКАЦИИ ИЛИ ПРОИЗВОДСТВА | |
| Страна публикации | Российская Федерация |
| 105 ## - ПОЛЕ КОДИРОВАННЫХ ДАННЫХ: ТЕКСТОВЫЕ МАТЕРИАЛЫ, МОНОГРАФИЧЕСКИЕ | |
| Кодированные данные о монографическом текстовом документе | a|||z|||000ay |
| 200 1# - ЗАГЛАВИЕ И СВЕДЕНИЯ ОБ ОТВЕТСТВЕННОСТИ | |
| Основное заглавие | Литературные шедевры Средних веков |
| Сведения, относящиеся к заглавию | [сборник |
| Первые сведения об ответственности | сост.: Ю.И. Губатов |
| Последующие сведения об ответственности | пер. Н.В. Забабуровой] |
| 210 ## - ПУБЛИКАЦИЯ, РАСПРОСТРАНЕНИЕ И ДР. | |
| Место издания, распространения и т.д. | Ростов-на-Дону |
| Имя издателя, распространителя и т. д. | Донской издательский дом |
| Дата издания, распространения и т.д. | 2014 |
| 215 ## - ФИЗИЧЕСКАЯ ХАРАКТЕРИСТИКА | |
| Специфическое обозначение материала и объем | 1071 с. |
| Другие сведения о физической характеристике | ил. |
| Размеры | 21 |
| 327 1# - ПРИМЕЧАНИЯ О СОДЕРЖАНИИ | |
| Текст примечания | Содерж.: Роман и Розе / Гильом де Лоррис, Жан де Мен. Ланселот, или Рыцарь телеги; Персеваль, или Повесть о Граале/ Кретьен де Труа. Маленький Жан де Сентре / Антуан де Ла Саль |
| 464 #0 - АНАЛИТИЧЕСКИЙ УРОВЕНЬ | |
| Встроенное поле | 2001#$aРоман о Розе$fГильом де Лоррис, Жан де Мен |
| -- | 700#0$aГильом де Лоррис$fок.1210-ок.1240$3RU\NLR\AUTH\7711832 |
| -- | 701#0$aЖан де Мен$fок.1240-ок.1305$3RU\NLR\AUTH\7711834 |
| Заглавие | Роман о Розе |
| Автор | Гильом де Лоррис (ок.1210-ок.1240) |
| 464 #0 - АНАЛИТИЧЕСКИЙ УРОВЕНЬ | |
| Встроенное поле | 2001#$aЛанселот, или Рыцарь телеги$aПерсеваль, или Повесть о Граале$fКретьен де Труа |
| -- | 700#0$aКретьен де Труа$f12 в.$3RU\NLR\AUTH\7743400 |
| Заглавие | Персеваль, или Повесть о Граале |
| Автор | Кретьен де Труа (12 в.) |
| 464 #0 - АНАЛИТИЧЕСКИЙ УРОВЕНЬ | |
| Встроенное поле | 2001#$aМаленький Жан де Сентре$fАнтуан де Ла Саль |
| -- | 700#0$aЛа Саль$bА. де$gАнтуан де$fок.1385-ок.1461$3RU\NLR\AUTH\770143868 |
| Заглавие | Маленький Жан де Сентре |
| Автор | Ла Саль, Антуан де (ок.1385-ок.1461) |
| 600 #1 - ИМЯ ЛИЦА КАК ПРЕДМЕТ | |
| Начальный элемент ввода | Забабурова |
| Часть имени, кроме начального элемента ввода | Н.В. |
| Даты | 1944 - 2014 |
| Расширение инициалов личного имени | Нина Владимировна |
| Системный номер авторитетной/нормативной записи | 2229769 |
| Идентификатор авторитетной/нормативной записи | RU\NLR\AUTH\6601570971 |
| 606 1# - НАИМЕНОВАНИЕ ТЕМЫ КАК ПРЕДМЕТ | |
| Наименование темы | Французская литература |
| Хронологический подзаголовок | Средние века |
| Системный номер авторитетной/нормативной записи | 925655 |
| Идентификатор авторитетной/нормативной записи | RU\NLR\AUTH\6621329 |
| 686 1# - ИНДЕКСЫ ДРУГИХ КЛАССИФИКАЦИЙ | |
| Индекс | Ш5(4Фр)42-я43 |
| 686 1# - ИНДЕКСЫ ДРУГИХ КЛАССИФИКАЦИЙ | |
| Индекс | Ш1г(2)7дЗабабурова |
| 702 #1 - ИМЯ ЛИЦА - ВТОРИЧНАЯ ОТВЕТСТВЕННОСТЬ | |
| Начальный элемент ввода | Губатов |
| Часть имени, кроме начального элемента ввода | Ю. И. |
| Код отношения | Составитель |
| 702 #1 - ИМЯ ЛИЦА - ВТОРИЧНАЯ ОТВЕТСТВЕННОСТЬ | |
| Начальный элемент ввода | Забабурова |
| Часть имени, кроме начального элемента ввода | Н.В. |
| Даты | 1944-2014 |
| Расширение инициалов личного имени | Нина Владимировна |
| Код отношения | Переводчик |
| 801 #0 - ИСТОЧНИК ЗАПИСИ | |
| Страна | Российская Федерация |
| Организация | РГБ |
| Дата составления | 20150115 |
| Правила каталогизации | RCR |
| 801 #1 - ИСТОЧНИК ЗАПИСИ | |
| Страна | Российская Федерация |
| Организация | РГБ |
| Дата составления | 20150115 |
| Источник данных | rusmarc |
| 942 ## - ДОПОЛНИТЕЛЬНЫЕ ЭЛЕМЕНТЫ ЗАПИСИ (АБИС) | |
| Тип экземпляра АБИС | Книга |
| 980 ## - КОЛЛЕКЦИЯ | |
| Название коллекции | НБР |
Нет доступных экземпляров.